Normal view
MARC view
Entry Personal Name
001 - CONTROL NUMBER
- control field: 1392
003 - CONTROL NUMBER IDENTIFIER
- control field: ARRUPE
005 - DATE AND TIME OF LATEST TRANSACTION
- control field: 20130926124405.0
008 - FIXED-LENGTH DATA ELEMENTS
- fixed length control field: 130926|| aca||aabn | a|a d
040 ## - CATALOGING SOURCE
- Original cataloging agency: ARRUPE
- Transcribing agency: ARRUPE
100 ## - HEADING--PERSONAL NAME
- Personal name: Jesus Christ
- General subdivision: Person and offices.
- General subdivision: Addresses, essays, lectures
670 ## - SOURCE DATA FOUND
- Source citation: Work cat.: (ARRUPE)0: Hall, Thor, 1927- 1391, The evolution of Christology /, c1982.